| Tag |
First Indicator |
Second Indicator |
Subfields |
| LEADER |
00000cam a2200000 a 4500 |
| 001 |
in00000025911 |
| 005 |
20151007054521.0 |
| 008 |
870206s1987 nyu 00010 eng |
| 010 |
|
|
|a 87001737
|
| 020 |
|
|
|a 0689504373 :
|c $8.95
|
| 035 |
|
|
|a (OCoLC)15223718
|
| 035 |
|
|
|9 AAB5312AM
|
| 040 |
|
|
|a DLC
|c DLC
|d TXA
|d UtOrBLW
|
| 049 |
|
|
|a [Curr Coll] TXAM
|c [A11086325]
|
| 050 |
0 |
0 |
|a PS3558.E2554
|b L6 1987
|
| 082 |
0 |
|
|a 811/.54
|2 19
|
| 100 |
1 |
|
|a Hearne, Betsy Gould.
|
| 245 |
1 |
0 |
|a Love lines :
|b poetry in person /
|c Betsy Hearne.
|
| 250 |
|
|
|a 1st ed.
|
| 264 |
|
1 |
|a New York :
|b M.K. McElderry Books,
|c [1987]
|
| 264 |
|
4 |
|c ©1987
|
| 300 |
|
|
|a 66 pages ;
|c 22 cm.
|
| 336 |
|
|
|a text
|b txt
|2 rdacontent
|
| 337 |
|
|
|a unmediated
|b n
|2 rdamedia
|
| 338 |
|
|
|a volume
|b nc
|2 rdacarrier
|
| 520 |
|
|
|a Fifty-nine poems about love--romantic, friendly, familial--and the loss of love.
|
| 650 |
|
0 |
|a Love poetry, American.
|
| 650 |
|
1 |
|a American poetry.
|
| 999 |
|
|
|a MARS
|
| 999 |
f |
f |
|s 5eba6f39-f612-3c6b-a229-fbb79b63adae
|i 83b767c4-0d56-3cb7-83b9-d611edd1b8e9
|t 0
|
| 952 |
f |
f |
|p normal
|a Texas A&M University
|b College Station
|c Sterling C. Evans Library
|d Evans: Curriculum Collection (4th floor)
|t 0
|e PS3558.E2554 L6 1987
|h Library of Congress classification
|i unmediated -- volume
|m A14811086325
|
| 998 |
f |
f |
|a PS3558.E2554 L6 1987
|t 0
|l Evans: Curriculum Collection (4th floor)
|